00625nam a22001577a 4500003000400000008004100004020001800045082001900063245015400082260006800236300001500304650008800319700002100407700002100428700001800449OSt260624b |||||||| |||| 00| 0 eng d a9789390425037 a630.2084bK96A aAdvanced Technological Interventions in Agriculture and Allied Sectors for Livelihood Improvement/ edited by Pankaj Kumar, Santosh Kumar, Abhay Kumar aNew Delhi: bInternational Books & Periodicals Supply Service,  axi, 324 p. aAgriculture and Related Technologies | Technology (Applied Sciences) | Agriculture  a Kumar, Pankaj  aKumar, Santosh  aKumar, Abhay